000 00690nam a2200265Ia 4500
005 20260121173511.0
008 008 260114s9999 xx 000 0 eng d
020 _a9789811949029
037 _aEBOOK
040 _aCRL
040 _beng
040 _cCRL
041 _2eng
041 _aeng
084 _qCRL
100 _aJaydeep Saha
_91101643
245 0 _aAnalysis, Optimization and Control of Grid-Interfaced Matrix-Based Isolated AC-DC Converters
260 _bSpringer
260 _bSpringer
260 _c2022
856 _uhttps://link.springer.com/openurl?genre=book&isbn=978-981-19-4902-9
942 _cEBOOK
999 _c1667388
_d1667388